A textbook of engineering mathematics (Record no. 4920)

MARC details
000 -LEADER
fixed length control field 00474nam a2200169Ia 4500
003 - CONTROL NUMBER IDENTIFIER
control field SGT
020 ## - INTERNATIONAL STANDARD BOOK NUMBER
International Standard Book Number 9788190561806
082 ## - DEWEY DECIMAL CLASSIFICATION NUMBER
Classification number 510
Item number SIN
100 ## - MAIN ENTRY--PERSONAL NAME
Personal name Singh,A.K
245 #2 - TITLE STATEMENT
Title A textbook of engineering mathematics
260 ## - PUBLICATION, DISTRIBUTION, ETC. (IMPRINT)
Name of publisher, distributor, etc Vayu Education of India
Place of publication, distribution, etc New Delhi
Year of Publication 2008
300 ## - PAGE DESCRIPTION
No. of Pages 425p.
650 ## - SUBJECT ADDED ENTRY--TOPICAL TERM
Topical term or geographic name as entry element MATHEMATICS ENGINEERING
653 ## - KEYWORDS--INDEX TERM
Keyword term INFINTTE SERIES SERIES, MACLAURINS ANDDDDDDD TAYLORS EXPANSIONS, ASYMPTOTES
700 ## - ADDED ENTRY--PERSONAL NAME
Personal name Tripathi,C.M
942 ## - ADDED ENTRY ELEMENTS (KOHA)
Source of classification or shelving scheme Dewey Decimal Classification
Koha item type Books
942 ## - ADDED ENTRY ELEMENTS (KOHA)
-- 37
Holdings
Withdrawn status Lost status Source of classification or shelving scheme Damaged status Use restrictions Not for loan Home library Current library Shelving location Date acquired Volume Information (Serial or Books or Non-Book Material) SGTU Full call number Accession No. (Barcode) Date last seen Bill Date Koha item type Total Checkouts Total Renewals Date last borrowed
    Dewey Decimal Classification   Restricted Access Not For Loan SGT Engineering Library SGT Engineering Library Reference Book 28/04/2010 1 SGTU 510 SIN FE964 09/02/2015 09/02/2015 Books      
    Dewey Decimal Classification       SGT Engineering Library SGT Engineering Library   28/04/2010 1 SGTU 510 SIN FE965 05/09/2019 09/02/2015 Books 3 1 22/08/2019
    Dewey Decimal Classification       SGT Engineering Library SGT Engineering Library   28/04/2010 1 SGTU 510 SIN FE966 28/11/2019 09/02/2015 Books 2   26/11/2019
    Dewey Decimal Classification       SGT Engineering Library SGT Engineering Library   28/04/2010 2 SGTU 510 SIN FE967 08/12/2025 09/02/2015 Books 18   05/12/2025
    Dewey Decimal Classification       SGT Engineering Library SGT Engineering Library   28/04/2010 2 SGTU 510 SIN FE968 11/01/2025 09/02/2015 Books 18 1 28/12/2024
    Dewey Decimal Classification       SGT Engineering Library SGT Engineering Library   28/04/2010 2 SGTU 510 SIN FE969 30/12/2024 09/02/2015 Books 10   17/12/2024